000 01798nam a2200445 c 4500
001 53486
003 ES-MaCES
005 20251115040006.0
008 241216s2024 sp 010 | spa d
017 _aB 11680-2024
_bDL
020 _a9788419773906
040 _aES-MaCES
_bspa
_cES-MaCES
111 2 _941257
_aCongreso "Equidad y Transparencia en Plataformas de Alojamiento Hotelero en España"
_d2023
_cGranada
245 1 0 _aEquidad y transparencia en plataformas de alojamiento hotelero en España
_cKlaus Jochen Albiez Dohrmann, José Antonio Castillo Parrilla (dirs.) ; autores, Ramón Nicolás Alba Campos ... [et al.] ; [recoge las ponencias presentadas en el Congreso "Equidad y Transparencia en Plataformas de Alojamiento Hotelero en España", celebrado el 26 y 27 de oct. de 2023 en la Facultad de Derecho de la Universidad de Granada]
260 _aBarcelona
_bAtelier
_c[2024]
300 _a529 p.
_c24 cm
490 1 _aAtelier civil
504 _aBibliografía
541 _cCompra
650 4 _aeconomía colaborativa
_937923
650 4 _aalojamiento
_930192
650 4 _areservaciones
_930237
650 4 _aindustria hotelera
_931747
650 4 _aturismo
_927890
650 4 _aprotección del consumidor
_929407
650 4 _aderecho civil
_927156
650 4 _aReglamento de la CE
_929874
650 4 _aderecho comunitario
_929866
650 4 _aaplicación
_929859
650 4 _aEspaña
_926964
650 4 _arégimen jurídico
_929894
650 4 _aconferencia
_927013
653 1 0 _aTurismo
700 1 _941231
_aAlbiez Dohrmann, Klaus Jochen
_edir.
700 1 _941255
_aCastillo Parrilla, José Antonio
_edir.
700 1 _941256
_aAlba Campos, Ramón Nicolás
830 0 _aAtelier civil
_934301
902 _aLIB Libro
942 _2CES
_cBK
_h5.2.
999 _c53486
_d53486